| 000 | 01364aam a2200313 i 4500 | ||
|---|---|---|---|
| 001 | 768714001 | ||
| 003 | CO-MdFUSB | ||
| 005 | 20251027125837.0 | ||
| 007 | ta | ||
| 008 | 251027t1996 -us |||| |||| 00| 0 spa d | ||
| 020 | _a1-577736-001-X | ||
| 040 | _cCO-MdFUSB | ||
| 041 | 0 | _aspa | |
| 082 | 0 | 4 |
_223 _a252 _bW513a |
| 100 | 1 |
_aWesley, Juan (1703-1791) _eautor |
|
| 245 | 1 | 0 |
_aSermones I _c/ Juan Wesley ; editado por Justo L. González |
| 264 | 1 |
_bProvidence Foundation, _aFranklin, Tennessee : _c[1996] |
|
| 264 | 4 | _c©1996 | |
| 300 | _a416 páginas | ||
| 336 |
_atexto _btxt _2rdacontent |
||
| 337 |
_2rdamedia _asin mediación _bn |
||
| 338 |
_2rdacarrier _avolumen _bnc |
||
| 505 | _aLa salvación por fe - El casi cristiano - Despiértate, tú que duermes - El cristianismo bíblico - La justificación por la fe - La justicia que es por fe - El camino del reino - Las primicias del espíritu - El espíritu de esclavitud y el espíritu de adopción - El testimonio del Espíritu - El testimonio de nuestro propio espíritu - Del pecado en los creyentes - El arrepentimiento del creyente - El gran tribunal - Los medios de gracia - La circuncisión del corazón - Las señales del nuevo nacimiento | ||
| 563 | _aPasta dura | ||
| 650 | 7 |
_aSermones _9283 |
|
| 700 | 1 |
_aGonzález, Justo L., _d1937- _9859 _eeditor |
|
| 942 | _cBK | ||
| 945 | _aJTF-925 | ||
| 999 |
_c42496 _d42496 |
||